00281nam a2200121Ia 4500008004100000041000800041082001200049100001600061245001200077260003200089300002700121365001100148240624s9999 xx 000 0 und d aeng a823 BON aBOND RUSKIN aSECRETS c2011aLondonbPenguin Books aix, : 150p. : cm. ; 20 cRSb25